Rozpoznaj królów Polski po krótkim opisie - Statystyki

Ogólne statystyki
  • Ten quiz został rozwiązany 453 razy
  • Średni wynik to 7 z 10
Statystyki odpowiedzi
Krótki opis Król % Poprawnych
Syn pierwszego historycznego władcy Polski i jednocześnie pierwszy król Polski. Bolesław I Chrobry
93%
Ufundował Uniwersytet Krakowski, chociaż był czterokrotnie żonaty, nie zostawił następcy i był ostatnim Piastem na polskim tronie. Kazimierz III Wielki
84%
Przybył na odsiecz obleganego przez Turków Wiednia, przez których został nazwany „Lwem Lechistanu” Jan III Sobieski
82%
Król, który przeniósł stolicę z Krakowa do Warszawy, jego rzeźba wieńczy kolumnę na placu Zamkowym w stolicy. Zygmunt III Waza
80%
Kobieta, która była królowa oraz królem Polski. Jadwiga Andegaweńska
76%
Pierwszy władca na tronie Polski z dynastii Jagiellonów. Władysław II Jagiełło
76%
Dzierżył tytuł Króla Polskiego i Księcia Siedmiogrodu, czas lubił spędzać na wojnach, unikając starszej żony. Stefan Batory
73%
Król mecenas nauki i sztuki, jego bratanek był wybitnym dowódcą wojsk napoleońskich. Stanisław August Poniatowski
72%
Pierwszy elekcyjny król na polskim tronie, panował bardzo krótko, potajemnie uciekając z kraju. Henryk III Walezy
58%
Który władca pochodził z czeskiej dynastii Przemyślidów, był jednocześnie królem Czech i Polski? Wacław II
54%
Nie znaleziono quizów pasujących do podanych kryteriów
Rozkład punktacji
Procent ludzi z każdym wynikiem
Percentyl według liczby udzielonych odpowiedzi
Twoja historia wyników
Nie rozwiązałeś tego quizu